LEADER 01194nam a2200277 u 4500 001 000000077496 003 CaOOAMICUS 005 20070226123327.0 008 040209s1998 enk u000 u eng u 020 $a0198269587 035 $a10983772 040 $aPUL$bita 100 1 $aNicholson, Ernest.$0(OLS)http://pul/name/51529 245 14$aThe Pentateuch in the twentieth century :$bthe legacy of Julius Wellhausen /$cErnest Nicholson. 260 $aOxford :$bClarendon Press,$cc1998. 300 $aix, 294 p. ;$c22 cm 490 1 $aOxford early Christian studies 504 $a"Bibliography": p. [269]-283. 630 04$aBiblia.$pV.T.$pPentateuchus.$0(OLS)http://pul/subject/2450 830 0$aOxford early Christian studies.$0(OLS)http://pul/title/20687 850 $aPUL 852 $aPUL$W1$xSL Religione 1$y3$m1 G 55$j99532$nBK-PRI$b $qStampati$B99532$CPULBib$Z2$F99532 $HPUL92865 $81 941 1 $a8 996 $6020$a0198269587$9(OLS)http://pul/number/101594 996 $6245$aThe Pentateuch in the twentieth century :$bthe legacy of Julius Wellhausen$9(OLS)http://pul/title/101624 996 $6260$aOxford :$bClarendon Press$9(OLS)http://pul/publisher/48412 LEADER 01346nam a2200289 u 4500 001 000000041176 003 CaOOAMICUS 005 20070226114202.0 008 981028s1985 it u000 u ita u 035 $a10806731 040 $aBAV$bita$dPUL(R) 100 1 $aGiannini, Giorgio,$d1913-1996.$0(OLS)http://pul/name/5586 245 10$aEsame delle Quaranta proposizioni rosminiane /$cGiorgio Giannini. 260 $aGenova :$bStudio editoriale di cultura ;$aStresa :$bLibreria editoriale Sodalitas,$c1985. 300 $a146 p. ;$c24 cm 490 1 $aBiblioteca di Studi rosminiani ;$v2 504 $aComprende indicazioni bibliografiche. 600 14$aRosmini Serbati, Antonio,$cI.D.C.,$d1797-1855$xCritica e interpretazione.$0(OLS)http://pul/subject/898 650 4$aFilosofia$ySec. XIX.$0(OLS)http://pul/subject/4784 830 0$aBiblioteca di Studi rosminiani ;$v2.$0(OLS)http://pul/title/55579 850 $aPUL 852 $aPUL$W1$xSL Filosofia 1$y2$m93 A 47$j55819$nBK-PRI$b $qStampati$B55819$CPULBib$Z2$F55819 $81 941 1 $a8 961 $aINV: 53667 996 $6245$aEsame delle Quaranta proposizioni rosminiane$9(OLS)http://pul/title/55578 996 $6260$aGenova :$bStudio editoriale di cultura$9(OLS)http://pul/publisher/52511 996 $6260$aStresa :$bLibreria editoriale Sodalitas$9(OLS)http://pul/publisher/64502